Fundamentos de contabilidad administrativa
Uloženo v:
| Hlavní autoři: | , |
|---|---|
| Médium: | Kniha |
| Jazyk: | španělština |
| Vydáno: |
Ciudad de México
Limusa
1979
|
| Témata: | |
| Tagy: |
Přidat tag
Žádné tagy, Buďte první, kdo vytvoří štítek k tomuto záznamu!
|
MARC
| LEADER | 00000nam a2200000 a 4500 | ||
|---|---|---|---|
| 001 | UCR9833 | ||
| 003 | CL-VaPUC | ||
| 008 | 980619e19790000MX |||||||||||||||||spa|d | ||
| 082 | 0 | 4 | |a 658.151 |b COP |2 21 |
| 100 | 0 | |a Copeland, Ronald M |e author |9 412766 | |
| 700 | 0 | |a Dascher, Paul E |e author |9 412767 | |
| 245 | 1 | 0 | |a Fundamentos de contabilidad administrativa |
| 300 | |a 643 p | ||
| 942 | |c BK | ||
| 945 | |d 19980619 00:00:00 |a cmena | ||
| 260 | |a Ciudad de México |b Limusa |c 1979 | ||
| 650 | 0 | |a Contabilidad |9 261430 | |
| 650 | 0 | |a Administración financiera |9 261146 | |
| 650 | 0 | |a Auditoría |9 307008 | |
| 650 | 0 | |a Operaciones administrativas |9 335045 | |
| 650 | 7 | |a PRESUPUESTO |2 CL-VaPUC |9 306206 | |
| 650 | 0 | |a Contabilidad de costos |9 260564 | |
| 650 | 0 | |a Capital |9 263726 | |
| 650 | 0 | |a Toma de decisiones |9 257530 | |
| 650 | 0 | |a Costos |9 261063 | |
| 650 | 7 | |a PLANIFICACION Y CONTROL |2 CL-VaPUC |9 412768 | |
| 583 | |a last modification |c 19980619 00:00:00 |k Rodrigo Vera | ||
| 999 | |c 271009 |d 271007 | ||
| 952 | |0 0 |1 0 |4 0 |6 658_151000000000000_COP_1979 |7 0 |8 A |9 305493 |a BIBENE |b BIBENE |d 2019-11-20 |i 1422081 |o 658.151 COP 1979 |p 1422081 |r 2025-01-15 |w 2019-11-20 |y BK |k ICO | ||